000 01359nam2a2200301 4500
001 RU\NLR\bibl\68546
005 20250616094256.0
021 _aRU
_b1999-44345
_92179
035 _a(NLR Aleph) 000066861
090 _a366894
_c366894
100 _a20000204d1999 |||y0rusy50 ca
101 0 _arus
_deng
102 _aRU
105 _aa |||||||||
200 1 _aКомпьютерная модель расчета абсолютной величины бета-активности радионуклидов
210 _d1999
_aБ. м.
215 _a[2],8,[1] с.
_cил.
225 1 _a...
_v23-99
300 _aРез. на англ. яз.
461 0 _1001RU\NLR\bibl\57916
_12001#$aАбсолютные измерения бета-активности радионуклидов методом -совпадений$vЧ. 2
_9305462
_cМ.
_d1999
_fД.Ф. Ничипоров, В.Е. Лукьяшин, В.И. Костюченко и др.
_nИТЭФ
_tАбсолютные измерения бета-активности радионуклидов методом -совпадений
_vЧ. 2
606 0 _aРадионуклидная терапия
_92059755
_3RU\NLR\auth\66950603
686 _aР365.7
801 0 _aRU
_bNLR
_c20000204
_gPSBO
801 1 _aRU
_bNLR
_c20000204
852 _aNLR
_j99-4/7318
942 _cBOOK
980 _aNB